<An> Introduction to economic dynamics
Na minha lista:
| Autor principal: | |
|---|---|
| Formato: | Livro |
| Idioma: | inglês |
| Publicado em: |
Cambridge
Cambridge University Press
2001
|
| Assuntos: | |
| Tags: |
Sem tags, seja o primeiro a adicionar uma tag!
|
MARC
| LEADER | 00000nam$a2200000$$$4500 | ||
|---|---|---|---|
| 001 | 0035593 | ||
| 005 | 20221129101018.0 | ||
| 020 | |a 0-521-80478-7 | ||
| 041 | 0 | |a eng | |
| 044 | |a GB | ||
| 245 | 1 | 0 | |a <An> Introduction to economic dynamics |c Ronald Shone |
| 264 | 1 | |a Cambridge |b Cambridge University Press |c 2001 | |
| 300 | |a 224 s. | ||
| 610 | 2 | 0 | |a dynamika ekonomiky |
| 610 | 2 | 0 | |a makroekonomika |
| 610 | 2 | 0 | |a mikroekonomika |
| 610 | 2 | 0 | |a dopyt |
| 610 | 2 | 0 | |a ponuka |
| 610 | 2 | 0 | |a keynesizmus |
| 610 | 2 | 0 | |a inflácia |
| 610 | 2 | 0 | |a nezamestnanosť |
| 610 | 2 | 0 | |a firmy |
| 610 | 2 | 0 | |a politika fiškálna |
| 610 | 2 | 0 | |a teória chaosu |
| 610 | 2 | 0 | |a modely dynamické |
| 610 | 2 | 0 | |a modely lineárne |
| 610 | 2 | 0 | |a modely statické |
| 610 | 2 | 0 | |a monopoly |
| 610 | 2 | 0 | |a reklama |
| 610 | 2 | 0 | |a oligopoly |
| 610 | 2 | 0 | |a modelovanie ekonometrické |
| 100 | 1 | |a Shone, Ronald | |